[Event "Beer Sheva g/30'"]
[Site "Beer Sheva"]
[Date "2004.04.18"]
[Round "1"]
[White "Dvoirys, Semen I"]
[Black "Khmelniker, Ilya"]
[Result "1-0"]
[WhiteElo "2612"]
[BlackElo "2458"]
[PlyCount "67"]
[EventDate "2004.04.18"]
[Source "ChessBase"]
[SourceDate "2004.07.27"]

1. e4 e5 2. Nf3 Nc6 3. Bb5 a6 4. Ba4 Nf6 5. O-O Nxe4 6. d4 b5 7. Bb3 d5 8. dxe5 Be6 9. c3 Bc5 10. Nbd2 O-O 11. Bc2 Nxf2 12. Rxf2 f6 13. exf6 Bxf2+ 14. Kxf2 Qxf6 15. a4 Ne5 16. Kg1 Bg4 17. axb5 axb5 18. Rxa8 Rxa8 19. Ne4 Qb6+ 20. Nf2 c6 21. Bxh7+ Kxh7 22. Qc2+ Ng6 23. Ng5+ Kh6 24. Ne6+ Kh7 25. Nf4 c5 26. Nxg4 Ra1 27. g3 d4 28. cxd4 cxd4 29. Kg2 d3 30. Nxd3 Qb7+ 31. Kf2 Qe4 32. Qe2 Qc4 33. Ne3 Qd4 34. Qh5+ 1-0

[Event "Lewkowitz Memorial B"]
[Site "Lewkowitz Memorial B"]
[Date "1994.??.??"]
[Round "?"]
[White "Rittner, Horst R"]
[Black "Tronhjem, Thomas"]
[Result "1-0"]
[WhiteElo "2600"]
[BlackElo "2470"]
[PlyCount "49"]
[EventDate "1994.??.??"]
[Source "www.chesslib.no"]
[SourceDate "2004.05.04"]

1. e4 e5 2. Nf3 Nc6 3. Bb5 a6 4. Ba4 Nf6 5. O-O Nxe4 6. d4 b5 7. Bb3 d5 8. dxe5 Be6 9. c3 Bc5 10. Nbd2 O-O 11. Bc2 Nxf2 12. Rxf2 f6 13. exf6 Bxf2+ 14. Kxf2 Qxf6 15. Nf1 Ne5 16. Be3 Rae8 17. Kg1 Nxf3+ 18. gxf3 Qxf3 19. Qxf3 Rxf3 20. Bf2 Bh3 21. Ng3 Re5 22. a4 h5 23. axb5 axb5 24. Bg6 h4 25. Bc5 1-0

[Event "Geneve 71/355"]
[Site "?"]
[Date "1998.??.??"]
[Round "?"]
[White "Sokolov, Andrei"]
[Black "Sulskis, Sarunas"]
[Result "0-1"]
[WhiteElo "2580"]
[BlackElo "2485"]
[PlyCount "132"]
[EventDate "1998.??.??"]
[Source "ChessBase"]
[SourceDate "1997.10.01"]

1. e4 e5 2. Nf3 Nc6 3. Bb5 a6 4. Ba4 Nf6 5. O-O Nxe4 6. d4 b5 7. Bb3 d5 8. dxe5 Be6 9. c3 Bc5 10. Qd3 O-O 11. Nbd2 f5 12. exf6 Nxf6 13. a4 Rb8 14. axb5 axb5 15. Ng5 Ne5 16. Qg3 Qd6 17. Bc2 Bd7 18. Nb3 Bb6 19. Nd4 h6 20. Bf4 Bxd4 21. cxd4 Nh5 22. Bxe5 Nxg3 23. Bxd6 Ne2+ 24. Kh1 cxd6 25. Nf3 Bg4 26. Ra3 Bxf3 27. gxf3 Nxd4 28. Bb1 Rxf3 29. Rxf3 Nxf3 30. Ba2 Kf8 31. Bxd5 Ne5 32. Rc1 b4 33. f4 Nd3 34. Rc7 Rb5 35. Rf7+ Ke8 36. Bb3 Rc5 37. Kg2 g5 38. Rf6 Nxf4+ 39. Kf3 Nd3 40. Rxd6 Nxb2 41. Kg4 Rc3 42. Ba2 Ra3 43. Bb1 Ra1 44. Bg6+ Ke7 45. Rb6 Rh1 46. Bh5 Nd3 47. Kg3 Re1 48. Rxh6 b3 49. Bg6 Rg1+ 50. Kf3 Ne5+ 51. Kf2 Ng4+ 52. Kxg1 Nxh6 53. Kg2 Kf6 54. Bd3 Ke5 55. Kf3 Kd4 56. Bb1 Kc3 57. h3 Kd2 58. Ke4 Kc1 59. Bd3 b2 60. Ke5 Nf7+ 61. Kd5 Nd8 62. Bh7 Nb7 63. Kd4 Na5 64. Kc3 Nc6 65. Bf5 Ne5 66. Bh7 Nf3 0-1

[Event "NED"]
[Site "?"]
[Date "1996.??.??"]
[Round "?"]
[White "Korzubov Peter"]
[Black "Lastovicka Jiri"]
[Result "1/2-1/2"]
[WhiteElo "2440"]
[BlackElo "2620"]
[PlyCount "74"]
[EventDate "1996.??.??"]
[Source "www.chesslib.no"]
[SourceDate "2004.05.04"]

1. e4 e5 2. Nf3 Nc6 3. Bb5 a6 4. Ba4 Nf6 5. O-O Nxe4 6. d4 b5 7. Bb3 d5 8. dxe5 Be6 9. c3 Bc5 10. Nbd2 O-O 11. Bc2 Bf5 12. Nb3 Bg6 13. Nfd4 Bxd4 14. cxd4 a5 15. Be3 a4 16. Nc1 a3 17. b3 f6 18. exf6 Qxf6 19. Ne2 Nb4 20. Bb1 Qe7 21. Re1 Nxf2 22. Bxf2 Bxb1 23. Rxb1 Rxf2 24. Kxf2 Rf8+ 25. Nf4 Rxf4+ 26. Kg1 Re4 27. Qd2 Nd3 28. Rf1 Rxd4 29. Rf3 Nf4 30. Qf2 g5 31. Re3 Re4 32. Rxe4 dxe4 33. Qe3 Nd3 34. Rf1 Qe5 35. Kh1 Kg7 36. h4 gxh4 37. g3 h6 1/2-1/2

[Event "San Salvador op 1st"]
[Site "?"]
[Date "2002.12.18"]
[Round "6"]
[White "Zarnicki Pablo"]
[Black "Mikhalevski Victor"]
[Result "1/2-1/2"]
[WhiteElo "2535"]
[BlackElo "2524"]
[PlyCount "120"]
[EventDate "2002.??.??"]
[Source "www.chesslib.no"]
[SourceDate "2004.05.04"]

1. e4 e5 2. Nf3 Nc6 3. Bb5 a6 4. Ba4 Nf6 5. O-O Nxe4 6. d4 b5 7. Bb3 d5 8. dxe5 Be6 9. c3 Bc5 10. Nbd2 O-O 11. Bc2 Nxf2 12. Rxf2 f6 13. exf6 Bxf2+ 14. Kxf2 Qxf6 15. Nf1 Ne5 16. Be3 Rae8 17. Bc5 Nxf3 18. gxf3 Rf7 19. Ng3 Bg4 20. Kg1 Qxf3 21. Qxf3 Rxf3 22. Rf1 Rxf1+ 23. Kxf1 a5 24. Bd3 Bd7 25. h4 g6 26. Kf2 Kf7 27. Ne2 a4 28. Nd4 c6 29. Nf3 Bf5 30. Bf1 Kf6 31. Ng5 h6 32. Nf3 g5 33. hxg5+ hxg5 34. Bd4+ Ke7 35. Nxg5 Kd6 36. Nf7+ Ke7 37. Ng5 Kd6 38. a3 c5 39. Be3 Kc6 40. Nf3 Bg4 41. Nd2 Rb8 42. Kg3 Bd1 43. Bg2 Rg8+ 44. Kf2 Rf8+ 45. Ke1 Bh5 46. b4 axb3 47. Nxb3 Ra8 48. Nxc5 Rxa3 49. Bd4 Rxc3 50. Bxc3 Kxc5 51. Bg7 d4 52. Kd2 Be8 53. Bf8+ Kb6 54. Kd3 Bc6 55. Bh3 b4 56. Bxb4 Kb7 57. Kxd4 Ka8 58. Kc5 Be4 59. Kb6 Bf3 60. Bd6 Be4 1/2-1/2

[Event "Bar 71/(355)"]
[Site "?"]
[Date "1997.??.??"]
[Round "?"]
[White "Sokolov, Andrei"]
[Black "Skembris, Spyridon"]
[Result "1/2-1/2"]
[WhiteElo "2585"]
[BlackElo "2470"]
[PlyCount "40"]
[EventDate "1997.??.??"]
[Source "ChessBase"]
[SourceDate "1997.10.01"]

1. e4 e5 2. Nf3 Nc6 3. Bb5 a6 4. Ba4 Nf6 5. O-O Nxe4 6. d4 b5 7. Bb3 d5 8. dxe5 Be6 9. c3 Bc5 10. Qd3 O-O 11. Nbd2 f5 12. exf6 Nxf6 13. a4 Rb8 14. axb5 axb5 15. Ng5 Qd6 16. Bc2 g6 17. Nxe6 Ng4 18. Qg3 Qxe6 19. Nf3 Rbe8 20. Bd2 Bd6 1/2-1/2

[Event "Luzern ol (Men)"]
[Site "Lucerne SUI"]
[Date "1982.??.??"]
[Round "13"]
[White "Huebner, Robert"]
[Black "Thipsay, Praveen Mahadeo"]
[Result "1-0"]
[WhiteElo "2620"]
[BlackElo "2430"]
[PlyCount "77"]
[EventDate "1982.10.??"]
[Source "www.chesslib.no"]
[SourceDate "2004.05.04"]

1. e4 e5 2. Nf3 Nc6 3. Bb5 a6 4. Ba4 Nf6 5. O-O Nxe4 6. d4 b5 7. Bb3 d5 8. dxe5 Be6 9. c3 Bc5 10. Nbd2 O-O 11. Bc2 Bf5 12. Nb3 Bg6 13. Nfd4 Bxd4 14. cxd4 a5 15. Be3 a4 16. Nc1 a3 17. b3 f6 18. exf6 Qxf6 19. Ne2 Nb4 20. Bb1 c5 21. f3 Ng5 22. Qd2 Ne6 23. Bxg6 Qxg6 24. dxc5 Nc2 25. Rad1 Rad8 26. Nd4 Nxe3 27. Qxe3 Nxc5 28. Nxb5 Qb6 29. Nxa3 d4 30. Rxd4 Nxb3 31. Re4 Nd4 32. Kh1 Qa6 33. Re1 Nf5 34. Qb3+ Kh8 35. Nc4 Qf6 36. Qb6 Qg5 37. Ne5 Qd2 38. Qe6 Nh6 39. a4 1-0

[Event "Altensteig"]
[Site "?"]
[Date "1995.??.??"]
[Round "?"]
[White "Luther, Th"]
[Black "Slobodjan, R."]
[Result "1/2-1/2"]
[WhiteElo "2550"]
[BlackElo "2500"]
[PlyCount "41"]
[EventDate "1995.??.??"]
[Source "ChessBase"]
[SourceDate "1995.10.01"]

1. e4 e5 2. Nf3 Nc6 3. Bb5 a6 4. Ba4 Nf6 5. O-O Nxe4 6. d4 b5 7. Bb3 d5 8. dxe5 Be6 9. c3 Bc5 10. Qd3 Qd7 11. Be3 Rd8 12. Nbd2 Bf5 13. Qe2 Bxe3 14. Qxe3 Nxd2 15. Qxd2 O-O 16. Rad1 Be4 17. Ng5 Nxe5 18. Nxe4 dxe4 19. Qf4 Nd3 20. Qxe4 c5 21. Bc2 1/2-1/2

[Event "Saint Petersburg - Beer-Sheva"]
[Site "?"]
[Date "1999.??.??"]
[Round "?"]
[White "Aseev, K."]
[Black "Mikhalevski, V."]
[Result "1/2-1/2"]
[WhiteElo "2515"]
[BlackElo "2525"]
[PlyCount "110"]
[EventDate "1999.??.??"]
[Source "Chess Informant"]
[SourceDate "1999.06.01"]

1. e4 e5 2. Nf3 Nc6 3. Bb5 a6 4. Ba4 Nf6 5. O-O Nxe4 6. d4 b5 7. Bb3 d5 8. dxe5 Be6 9. c3 Bc5 10. Nbd2 O-O 11. Bc2 Nxf2 12. Rxf2 f6 13. exf6 Bxf2+ 14. Kxf2 Qxf6 15. Nf1 Ne5 16. Be3 Rae8 17. Bc5 Nxf3 18. gxf3 Rf7 19. Kg1 Qxf3 20. Qxf3 Rxf3 21. Re1 Kf7 22. Nd2 Rf4 23. Bf2 c6 24. Bg3 Rf6 25. Kg2 Bf5 26. Rxe8 Kxe8 27. Bxf5 Rxf5 28. b4 d4 29. cxd4 Ke7 30. Ne4 Ke6 31. Nc3 Rf7 32. a3 g5 33. h3 Kf5 34. Kf3 Kg6+ 35. Kg2 h5 36. Ne4 g4 37. hxg4 hxg4 38. Nd2 Kf5 39. Nb3 Ke4 40. Nc5+ Kxd4 41. Nxa6 Rf3 42. Nb8 Kd5 43. Nd7 Rxa3 44. Nf6+ Kc4 45. Bd6 Rd3 46. Bc5 Rb3 47. Nxg4 Rxb4 48. Bxb4 Kxb4 49. Kf3 Kc3 50. Ke2 b4 51. Kd1 Kb2 52. Ne5 b3 53. Nxc6 Ka1 54. Nd4 b2 55. Nb3+ Ka2 1/2-1/2

[Event "Leeuwarden"]
[Site "?"]
[Date "1995.??.??"]
[Round "?"]
[White "van der Wiel, J."]
[Black "Mikhalevski, V."]
[Result "1/2-1/2"]
[WhiteElo "2545"]
[BlackElo "2495"]
[PlyCount "121"]
[EventDate "1995.??.??"]
[Source "ChessBase"]
[SourceDate "1995.06.01"]

1. e4 e5 2. Nf3 Nc6 3. Bb5 a6 4. Ba4 Nf6 5. O-O Nxe4 6. d4 b5 7. Bb3 d5 8. dxe5 Be6 9. c3 Bc5 10. Qd3 O-O 11. Nbd2 f5 12. exf6 Nxf6 13. a4 Rb8 14. axb5 axb5 15. Ra6 Bb6 16. Ng5 Qd6 17. Nxe6 Qxe6 18. Ne4 Kh8 19. Nxf6 Qxf6 20. Bc2 Qh4 21. g3 Qh3 22. Qxd5 Ne5 23. Bf4 Rxf4 24. Rxb6 cxb6 25. Qxe5 Rff8 26. Qxb5 Rf6 27. Qe2 Rbf8 28. Be4 Rh6 29. f3 Rd6 30. c4 Qe6 31. Re1 Qe5 32. Bd5 Qd4+ 33. Qf2 Qf6 34. Qe2 h6 35. Qe5 Qxe5 36. Rxe5 Rc8 37. Kf2 Kh7 38. h4 Kg6 39. g4 Rc7 40. f4 Kf6 41. Rf5+ Ke7 42. Rf7+ Kd8 43. Rf8+ Ke7 44. Rg8 g6 45. Rh8 b5 46. b3 g5 47. hxg5 hxg5 48. fxg5 bxc4 49. bxc4 Rc5 50. Rh7+ Kf8 51. Rf7+ Kg8 52. Rf5+ Kg7 53. Ke3 Rc7 54. Re5 Ra6 55. Re8 Ra1 56. Rg8+ Kh7 57. g6+ Kh6 58. Bf7 Rg1 59. Kf4 Rxc4+ 60. Bxc4 Rxg4+ 61. Kxg4 1/2-1/2

[Event "Dos Hermanas on line Qualifier"]
[Site "Internet ICC"]
[Date "2000.03.18"]
[Round "2.1"]
[White "Anagnostopoulos, D."]
[Black "Golod, Vitali"]
[Result "0-1"]
[WhiteElo "2459"]
[BlackElo "2566"]
[PlyCount "112"]
[EventDate "2000.03.18"]
[Source "www.chesslib.no"]
[SourceDate "2004.05.04"]

1. e4 e5 2. Nf3 Nc6 3. Bb5 a6 4. Ba4 Nf6 5. O-O Nxe4 6. d4 b5 7. Bb3 d5 8. dxe5 Be6 9. c3 Bc5 10. Nbd2 O-O 11. Bc2 Bf5 12. Nb3 Bg6 13. Nfd4 Bxd4 14. cxd4 a5 15. Be3 a4 16. Nd2 a3 17. Nxe4 dxe4 18. bxa3 Na5 19. a4 b4 20. Rb1 Rb8 21. d5 Qe7 22. Qd4 Rfd8 23. Qc5 Qxc5 24. Bxc5 Rxd5 25. Bxb4 Re8 26. Bxa5 Rxa5 27. Rb7 Rc5 28. Bb3 h5 29. e6 fxe6 30. Rd1 Bf5 31. h3 Kf7 32. a5 Rxa5 33. Rxc7+ Re7 34. Rdd7 Rxd7 35. Rxd7+ Kf6 36. Kf1 Rc5 37. Ke2 g5 38. Rd2 Ke5 39. Rc2 Rb5 40. Ke3 h4 41. Rc3 g4 42. hxg4 Bxg4 43. a4 Ra5 44. Rc4 Bf5 45. Rb4 Kd6 46. Bc4 Ra7 47. Bb5 Rg7 48. a5 Rxg2 49. a6 Rg7 50. Bf1 h3 51. Rb7 h2 52. Rxg7 h1=Q 53. a7 Qf3+ 54. Kd2 Qxf2+ 55. Kc3 Qe1+ 56. Kc4 Qxf1+ 0-1

[Event "Deutschland"]
[Site "?"]
[Date "1994.??.??"]
[Round "?"]
[White "Aseev, K."]
[Black "Haba, P."]
[Result "1-0"]
[WhiteElo "2545"]
[BlackElo "2475"]
[PlyCount "129"]
[EventDate "1994.??.??"]
[Source "ChessBase"]
[SourceDate "1994.06.01"]

1. e4 e5 2. Nf3 Nc6 3. Bb5 a6 4. Ba4 Nf6 5. O-O Nxe4 6. d4 b5 7. Bb3 d5 8. dxe5 Be6 9. c3 Bc5 10. Nbd2 O-O 11. Bc2 Bf5 12. Nb3 Bg6 13. Nfd4 Bxd4 14. cxd4 a5 15. Be3 a4 16. Nc1 a3 17. b3 f6 18. Nd3 Re8 19. f3 fxe5 20. Nxe5 Nxe5 21. fxe4 Nd7 22. e5 Bxc2 23. Qxc2 Nf8 24. Rf3 Qd7 25. Raf1 Ng6 26. Rc1 Rec8 27. Qc6 Qxc6 28. Rxc6 Ne7 29. Rc5 c6 30. Kf2 Rf8 31. g4 Ra6 32. Rxf8+ Kxf8 33. Bd2 Ng6 34. Bb4 Ke8 35. Ke3 Nf8 36. Rc2 Ne6 37. Rf2 Ra7 38. h4 Rf7 39. Rf5 Ra7 40. h5 h6 41. Kd3 Rf7 42. Rxf7 Kxf7 43. Bxa3 Ke8 44. Bc1 Kd7 45. Be3 Kc7 46. a3 Kb6 47. Ke2 Kc7 48. Kf3 Kd7 49. a4 bxa4 50. bxa4 c5 51. dxc5 Kc6 52. Bf2 Ng5+ 53. Ke2 Ne6 54. Kd3 Nf4+ 55. Kc3 Ne2+ 56. Kd2 Nf4 57. Be3 Ne6 58. Kc3 Kb7 59. a5 Ka6 60. Kb4 Nd8 61. Ka4 Ne6 62. c6 Nc7 63. Bb6 Ne6 64. c7 Kb7 65. a6+ 1-0

[Event "Thessaloniki ol (Men)"]
[Site "Thessaloniki GRE"]
[Date "1988.??.??"]
[Round "9"]
[White "Zapata, Alonso"]
[Black "Anand, Viswanathan"]
[Result "1/2-1/2"]
[WhiteElo "2500"]
[BlackElo "2520"]
[PlyCount "34"]
[EventDate "1988.11.??"]
[Source "www.chesslib.no"]
[SourceDate "2004.05.04"]

1. e4 e5 2. Nf3 Nc6 3. Bb5 a6 4. Ba4 Nf6 5. O-O Nxe4 6. d4 b5 7. Bb3 d5 8. dxe5 Be6 9. c3 Bc5 10. Qd3 O-O 11. Be3 f5 12. exf6 Qxf6 13. Bc2 Bxe3 14. Qxe3 Bf5 15. Nbd2 Nxd2 16. Qxd2 Bxc2 17. Qxc2 Ne5 1/2-1/2

[Event "Sweden TV Cup"]
[Site "Sweden"]
[Date "1993.??.??"]
[Round "?"]
[White "Hellers, Ferdinand"]
[Black "Wedberg, Tom"]
[Result "1/2-1/2"]
[WhiteElo "2565"]
[BlackElo "2455"]
[PlyCount "61"]
[EventDate "1993.??.??"]
[Source "www.chesslib.no"]
[SourceDate "2004.05.04"]

1. e4 e5 2. Nf3 Nc6 3. Bb5 a6 4. Ba4 Nf6 5. O-O Nxe4 6. d4 b5 7. Bb3 d5 8. dxe5 Be6 9. c3 Bc5 10. Nbd2 O-O 11. Bc2 Bf5 12. Nb3 Bg6 13. Nfd4 Bxd4 14. cxd4 a5 15. Be3 a4 16. Nd2 a3 17. Nxe4 axb2 18. Rb1 Bxe4 19. Rxb2 Qd7 20. Bd3 Bxd3 21. Qxd3 b4 22. Rc1 Rfb8 23. Rbc2 b3 24. axb3 Nb4 25. Qe2 Nxc2 26. Qxc2 Ra3 27. h3 Raxb3 28. Qxc7 Qxc7 29. Rxc7 R3b7 30. Rc5 Rd7 31. g4 1/2-1/2

[Event "Munich"]
[Site "Munich"]
[Date "1990.??.??"]
[Round "?"]
[White "Hickl, Joerg"]
[Black "Van der Sterren, Paul"]
[Result "1/2-1/2"]
[WhiteElo "2500"]
[BlackElo "2515"]
[PlyCount "50"]
[EventDate "1990.04.??"]
[Source "ChessBase"]

1. e4 e5 2. Nf3 Nc6 3. Bb5 a6 4. Ba4 Nf6 5. O-O Nxe4 6. d4 b5 7. Bb3 d5 8. dxe5 Be6 9. c3 Bc5 10. Bc2 O-O 11. Nbd2 Bf5 12. Nb3 Bg6 13. Nfd4 Bxd4 14. cxd4 a5 15. Be3 a4 16. Nc1 a3 17. bxa3 Rxa3 18. Nd3 Nc3 19. Qd2 Na5 20. Bb3 Nxa2 21. Nc5 Nxb3 22. Nxb3 Qa8 23. Nc5 Nc3 24. Qb2 b4 25. Bd2 Qc6 1/2-1/2

[Event "Bar"]
[Site "Bar"]
[Date "1997.11.24"]
[Round "6"]
[White "Popovic, Petar"]
[Black "Skembris, Spyridon"]
[Result "1/2-1/2"]
[WhiteElo "2545"]
[BlackElo "2470"]
[PlyCount "100"]
[EventDate "1997.11.19"]
[Source "ChessBase"]
[SourceDate "1998.04.09"]

1. e4 e5 2. Nf3 Nc6 3. Bb5 a6 4. Ba4 Nf6 5. O-O Nxe4 6. d4 b5 7. Bb3 d5 8. dxe5 Be6 9. c3 Bc5 10. Nbd2 O-O 11. Bc2 Bf5 12. Nb3 Bg6 13. Bf4 Bb6 14. Nfd4 Nxd4 15. cxd4 f6 16. Rc1 Qe7 17. Bxe4 Bxe4 18. Nc5 fxe5 19. Bxe5 Rf7 20. Qg4 Bf5 21. Qg3 c6 22. Rfe1 Re8 23. Re3 Bxc5 24. Rxc5 Qd7 25. Ra3 Qb7 26. Qg5 Qb6 27. Qc1 Bd7 28. Rg3 Re6 29. h3 a5 30. Kh2 Qd8 31. Rcc3 Qc8 32. Rce3 Qf8 33. f4 Rg6 34. Rxg6 hxg6 35. Rg3 Kh7 36. Qc2 Rf5 37. Qd2 a4 38. Qa5 Qf7 39. Qd8 Rh5 40. Qc7 Kg8 41. Qd6 Kh7 42. Rc3 g5 43. Rg3 g4 44. f5 Rh6 45. f6 gxf6 46. Bf4 Rg6 47. Re3 Rg7 48. h4 Qg6 49. Re7 Rxe7 50. Qxe7+ Qg7 1/2-1/2

[Event "Beskidy"]
[Site "?"]
[Date "1992.??.??"]
[Round "?"]
[White "Chekhov, V."]
[Black "Gorelov, S."]
[Result "1/2-1/2"]
[WhiteElo "2535"]
[BlackElo "2475"]
[PlyCount "92"]
[EventDate "1992.??.??"]
[Source "ChessBase"]
[SourceDate "1992.06.01"]

1. e4 e5 2. Nf3 Nc6 3. Bb5 a6 4. Ba4 Nf6 5. O-O Nxe4 6. d4 b5 7. Bb3 d5 8. dxe5 Be6 9. c3 Bc5 10. Nbd2 O-O 11. Bc2 Bf5 12. Nb3 Bg6 13. Nfd4 Bxd4 14. cxd4 a5 15. Be3 a4 16. Nc1 a3 17. b3 f6 18. Nd3 b4 19. Qe1 fxe5 20. Nxe5 Nxe5 21. dxe5 Qe7 22. f3 Nc3 23. Bxg6 hxg6 24. Bd4 Rf5 25. Qe3 c5 26. Bxc5 Rxe5 27. Bxe7 Rxe3 28. Bxb4 d4 29. Rf2 Rc8 30. Bxc3 Rexc3 31. Rd2 Rc2 32. Rxd4 Rb2 33. Rg4 Kf7 34. Rf4+ Kg8 35. Rg4 Kf7 36. h4 Rcc2 37. Re1 Re2 38. Rxe2 Rxe2 39. Ra4 Rxa2 40. Kh2 Ra1 41. Kg3 a2 42. Kf4 Rb1 43. Ra7+ Kg8 44. Rxa2 Rxb3 45. Kg5 Kh7 46. Ra5 Rc3 1/2-1/2

[Event "Clichy"]
[Site "Clichy FRA"]
[Date "1993.??.??"]
[Round "6"]
[White "Apicella, Manuel"]
[Black "Flear, Glenn C"]
[Result "1/2-1/2"]
[WhiteElo "2495"]
[BlackElo "2515"]
[PlyCount "81"]
[EventDate "1993.??.??"]
[Source "www.chesslib.no"]
[SourceDate "2004.05.04"]

1. e4 e5 2. Nf3 Nc6 3. Bb5 a6 4. Ba4 Nf6 5. O-O Nxe4 6. d4 b5 7. Bb3 d5 8. dxe5 Be6 9. c3 Bc5 10. Nbd2 O-O 11. Bc2 f5 12. exf6 Nxf6 13. Nb3 Bb6 14. Nfd4 Nxd4 15. cxd4 Qd6 16. Qd3 Rae8 17. Qg3 Qd7 18. Nc5 Bxc5 19. dxc5 d4 20. Bg5 Bc4 21. Bxf6 Rxf6 22. Bd3 Qd5 23. b4 Re5 24. Rfd1 h6 25. h4 Bxd3 26. Rxd3 Rfe6 27. Kh2 Rh5 28. f3 Qd8 29. Rad1 Rxh4+ 30. Kg1 Re2 31. a3 Qf6 32. Re1 Rxe1+ 33. Qxe1 Rf4 34. Qe8+ Kh7 35. g3 Rf5 36. Qe4 Qe5 37. Kg2 Qxe4 38. fxe4 Rf7 39. Rxd4 Kg6 40. Rd8 Kg5 41. Ra8 1/2-1/2

[Event "Athens op"]
[Site "Athens"]
[Date "1999.??.??"]
[Round "7"]
[White "Sax, Gyula"]
[Black "Flear, Glenn C"]
[Result "1/2-1/2"]
[WhiteElo "2524"]
[BlackElo "2484"]
[PlyCount "49"]
[EventDate "1999.??.??"]
[Source "www.chesslib.no"]
[SourceDate "2004.05.04"]

1. e4 e5 2. Nf3 Nc6 3. Bb5 a6 4. Ba4 Nf6 5. O-O Nxe4 6. d4 b5 7. Bb3 d5 8. dxe5 Be6 9. c3 Bc5 10. Qd3 O-O 11. Nbd2 f5 12. exf6 Nxf6 13. a4 Rb8 14. axb5 axb5 15. Ng5 Ne5 16. Qg3 Qd6 17. Bc2 Bd7 18. Nb3 Bb6 19. Bf4 Rbe8 20. Nd4 Nh5 21. Bxe5 Rxe5 22. Bxh7+ Kh8 23. Qh4 g6 24. f4 Ref5 25. Bxg6 1/2-1/2

[Event "Cappelle op"]
[Site "Cappelle la Grande"]
[Date "1999.??.??"]
[Round "9"]
[White "Murey, Jacob"]
[Black "Haba, Petr"]
[Result "1-0"]
[WhiteElo "2463"]
[BlackElo "2545"]
[PlyCount "69"]
[EventDate "1999.02.??"]
[Source "www.chesslib.no"]
[SourceDate "2004.05.04"]

1. e4 e5 2. Nf3 Nc6 3. Bb5 a6 4. Ba4 Nf6 5. O-O Nxe4 6. d4 b5 7. Bb3 d5 8. dxe5 Be6 9. c3 Bc5 10. Bf4 g5 11. Be3 Bxe3 12. fxe3 g4 13. Nd4 Nxe5 14. Nd2 Nxd2 15. Qxd2 c5 16. Nxe6 fxe6 17. a4 b4 18. cxb4 c4 19. Qd4 Qc7 20. Bd1 O-O-O 21. b5 g3 22. hxg3 Rhg8 23. g4 Rg6 24. b3 Nd3 25. bxc4 dxc4 26. Qe4 Rh6 27. Qa8+ Qb8 28. Qxa6+ Kd7 29. Qa7+ Qxa7 30. Rf7+ Kc8 31. Rxa7 Kb8 32. b6 Ne5 33. a5 Rd2 34. a6 Rb2 35. Re7 1-0

[Event "Rishon Le Ziyyon YM"]
[Site "Rishon Le Ziyyon"]
[Date "1995.??.??"]
[Round "11"]
[White "Shmuter, Leonid"]
[Black "Mikhalevski, Victor"]
[Result "1-0"]
[WhiteElo "2480"]
[BlackElo "2525"]
[PlyCount "143"]
[EventDate "1995.02.??"]
[Source "ChessBase"]

1. e4 e5 2. Nf3 Nc6 3. Bb5 a6 4. Ba4 Nf6 5. O-O Nxe4 6. d4 b5 7. Bb3 d5 8. dxe5 Be6 9. c3 Bc5 10. Nbd2 O-O 11. Bc2 Nxf2 12. Rxf2 f6 13. exf6 Bxf2+ 14. Kxf2 Qxf6 15. Nf1 Ne5 16. Be3 Rae8 17. Bc5 Nxf3 18. gxf3 Rf7 19. Kg1 Qxf3 20. Qxf3 Rxf3 21. Re1 Kf7 22. Re2 Bh3 23. Rf2 Rf6 24. Ne3 Re5 25. Rxf6+ gxf6 26. Kf2 Rg5 27. a4 Ke6 28. Bd3 c6 29. a5 f5 30. Kf3 Bg4+ 31. Kf4 Rh5 32. Nxg4 fxg4 33. Kxg4 Rxh2 34. Bf5+ Ke5 35. Bd4+ Kd6 36. b4 h5+ 37. Kg5 Re2 38. Kh4 Rh2+ 39. Kg5 h4 40. Kg4 Rh1 41. Bc8 h3 42. Kg3 h2 43. Kg2 Re1 44. Kxh2 Re2+ 45. Kg3 Re8 46. Bf5 Re1 47. Kf4 Re2 48. Bc5+ Kc7 49. Kg5 Re1 50. Kf6 Rc1 51. Bb6+ Kb7 52. Bd4 c5 53. bxc5 Re1 54. Bd7 Kc7 55. c6 Kd6 56. Bc5+ Kc7 57. Kf5 Re2 58. Kf4 Re4+ 59. Kf3 Rc4 60. Bd4 Kd6 61. Ke3 Ke7 62. Kd3 Kd6 63. Be3 Ke7 64. Bd2 Kd6 65. Be1 Ke7 66. Bg3 b4 67. cxb4 Rxb4 68. Bf5 Rb3+ 69. Kd4 Rb4+ 70. Ke5 Kd8 71. Kd6 Rc4 72. Bd7 1-0

[Event "Santa Fe Bogota 4th"]
[Site "Bogota COL"]
[Date "1979.??.??"]
[Round "13"]
[White "Beliavsky, Alexander G"]
[Black "Garcia, Gildardo"]
[Result "1/2-1/2"]
[WhiteElo "2595"]
[BlackElo "2410"]
[PlyCount "88"]
[EventDate "1979.??.??"]
[Source "www.chesslib.no"]
[SourceDate "2004.05.04"]

1. e4 e5 2. Nf3 Nc6 3. Bb5 a6 4. Ba4 Nf6 5. O-O Nxe4 6. d4 b5 7. Bb3 d5 8. dxe5 Be6 9. c3 Bc5 10. Nbd2 O-O 11. Bc2 f5 12. Nb3 Bb6 13. Nfd4 Nxd4 14. Nxd4 Bxd4 15. Qxd4 c5 16. Qd3 f4 17. f3 Ng5 18. Qe2 Bf5 19. e6 Qf6 20. Bxf4 Qxe6 21. Qxe6+ Nxe6 22. Bxf5 Rxf5 23. Bg3 Rd8 24. a4 b4 25. Rae1 Kf7 26. Be5 bxc3 27. bxc3 h5 28. g3 d4 29. cxd4 cxd4 30. f4 Nc5 31. Rc1 Rd5 32. Rc4 d3 33. Rfc1 Nd7 34. Bd4 g5 35. fxg5 Rxg5 36. Kf2 Ne5 37. Rc7+ Ke6 38. Bxe5 Rgxe5 39. R1c6+ Rd6 40. Rxd6+ Kxd6 41. Rc3 Re2+ 42. Kf3 Rxh2 43. Rxd3+ Kc5 44. Kf4 Ra2 1/2-1/2

[Event "Lvov"]
[Site "Lvov"]
[Date "1988.??.??"]
[Round "?"]
[White "Kupreichik, Viktor D"]
[Black "Mikhalchishin, Adrian"]
[Result "1-0"]
[WhiteElo "2510"]
[BlackElo "2490"]
[PlyCount "83"]
[EventDate "1988.02.??"]
[Source "ChessBase"]

1. e4 e5 2. Nf3 Nc6 3. Bb5 a6 4. Ba4 Nf6 5. O-O Nxe4 6. d4 b5 7. Bb3 d5 8. dxe5 Be6 9. c3 Bc5 10. a4 O-O 11. Nbd2 b4 12. Bc2 bxc3 13. Nxe4 dxe4 14. Bxe4 Qxd1 15. Rxd1 Rfd8 16. Re1 cxb2 17. Bxb2 Rab8 18. Ba3 Bxa3 19. Rxa3 Bd5 20. g3 Ne7 21. Rc3 c6 22. Bxd5 Rxd5 23. Rc4 h6 24. Re3 Rb2 25. g4 g5 26. h4 gxh4 27. Nxh4 c5 28. e6 Rb4 29. Rce4 Rxe4 30. Rxe4 Rd4 31. exf7+ Kxf7 32. Rxe7+ Kxe7 33. Nf5+ Ke6 34. Nxd4+ cxd4 35. f4 Kd5 36. Kf2 Ke4 37. f5 Ke5 38. Ke2 h5 39. gxh5 Kxf5 40. Kd3 Kg5 41. Kxd4 Kxh5 42. Kc5 1-0

[Event "Copenhagen BSF"]
[Site "Copenhagen"]
[Date "1995.??.??"]
[Round "3"]
[White "Mortensen, Erling"]
[Black "Nielsen, Peter Heine"]
[Result "1/2-1/2"]
[WhiteElo "2500"]
[BlackElo "2500"]
[PlyCount "131"]
[EventDate "1995.03.??"]
[Source "ChessBase"]

1. e4 e5 2. Nf3 Nc6 3. Bb5 a6 4. Ba4 Nf6 5. O-O Nxe4 6. d4 b5 7. Bb3 d5 8. dxe5 Be6 9. c3 Bc5 10. Qd3 O-O 11. Nbd2 f5 12. exf6 Nxf6 13. a4 b4 14. Ng5 Qd6 15. Nde4 Nxe4 16. Nxe4 Ne5 17. Qd1 dxe4 18. Qxd6 Bxd6 19. Bxe6+ Kh8 20. Bd5 Rab8 21. Bxe4 bxc3 22. bxc3 Rb3 23. a5 Rxc3 24. Bd2 Rb3 25. Rfb1 Rfb8 26. Be1 Rxb1 27. Rxb1 Rxb1 28. Bxb1 c5 29. Kf1 Bc7 30. Be4 Nc4 31. Bd5 Nxa5 32. h4 c4 33. Bc3 Nb3 34. Bxc4 Be5 35. Be1 Nc5 36. h5 Ne4 37. Bd5 Nf6 38. Bf7 Ne4 39. f3 Nd6 40. Be6 h6 41. g4 Kh7 42. Bb3 g5 43. Ke2 Kg7 44. Kd3 Kf6 45. Bb4 Kg7 46. Ba5 Kf6 47. Bd8+ Kg7 48. Bd5 Ne8 49. Bb6 Nf6 50. Be6 Ba1 51. Kc4 Be5 52. Bc8 Ba1 53. Bxa6 Be5 54. Bc8 Ba1 55. Bf5 Be5 56. Bc5 Ba1 57. Bb4 Be5 58. Kc5 Ba1 59. Kd6 Bb2 60. Ke6 Bd4 61. Bd6 Bc3 62. Be5 Bxe5 63. Kxe5 Ng8 64. Ke6 Nf6 65. Bg6 Ng8 66. Be4 1/2-1/2